000 00937nam a22002777a 4500
003 CHAP
005 20220329134105.0
008 971013s1963 r 00010 d
010 _a15224
011 _a16196
035 _a20274
040 _cCHAP
082 _a551.573
_bG73
100 0 0 _aGreen, Christine R.
_950542
245 _aSummer rainy days in Arizona
260 _a(Tucson) :
_bUniversity of Arizona. Institute of Atmospheric Physics,
_c1963
300 _a61 h.
_b: ilus
490 _aTechnical reports on the meteorology and climatology of arid regions
_v; 11
590 _aBATCH-UPD
_b10
_c20130110
_lUCH01
_h2319
590 _aCONVERSION
_b10
_c20130109
_lUCH01
_h1310
650 1 4 _aLluvia
_xE.U.A.
_967319
830 0 _aTechnical reports on the meteorology and climatology of arid regions
_v; 11
_9111912
901 _aBK
942 _cLIBRO
949 _a551.573 G73
_bBC
_cLIBRO
_d33724000460143
_eLIBRO
_h43244
_i20274
_mD
_si
999 _c15224
_d15224